| 000 -LEADER |
| fixed length control field |
01776cam a2200373 i 4500 |
| 001 - CONTROL NUMBER |
| control field |
19927837 |
| 003 - CONTROL NUMBER IDENTIFIER |
| control field |
OSt |
| 005 - DATE AND TIME OF LATEST TRANSACTION |
| control field |
20241119160034.0 |
| 008 - FIXED-LENGTH DATA ELEMENTS--GENERAL INFORMATION |
| fixed length control field |
170821s2016 stka j 000 1 eng |
| 010 ## - LIBRARY OF CONGRESS CONTROL NUMBER |
| LC control number |
2017416996 |
| 020 ## - INTERNATIONAL STANDARD BOOK NUMBER |
| International Standard Book Number |
9781780273273 |
| Qualifying information |
(hbk.) |
| 040 ## - CATALOGING SOURCE |
| Original cataloging agency |
DLC |
| Language of cataloging |
eng |
| Transcribing agency |
DLC |
| Description conventions |
rda |
| Modifying agency |
KH8 |
| 042 ## - AUTHENTICATION CODE |
| Authentication code |
pcc |
| 043 ## - GEOGRAPHIC AREA CODE |
| Geographic area code |
f-bs--- |
| 082 00 - DEWEY DECIMAL CLASSIFICATION NUMBER |
| Classification number |
FIC MCC |
| Edition number |
23 |
| 100 1# - MAIN ENTRY--PERSONAL NAME |
| Personal name |
McCall Smith, Alexander, |
| Dates associated with a name |
1948- |
| Relator term |
aut. |
| 245 10 - TITLE STATEMENT |
| Title |
Precious and the zebra necklace / |
| Statement of responsibility, etc. |
Alexander McCall Smith ; illustrated by Iain McIntosh. |
| 260 ## - PUBLICATION, DISTRIBUTION, ETC. |
| Place of publication, distribution, etc. |
Edinburgh : |
| Name of publisher, distributor, etc. |
BC Books, an imprint of Birlinn Ltd., |
| Date of publication, distribution, etc. |
2016. |
| 300 ## - PHYSICAL DESCRIPTION |
| Extent |
88 pages : |
| Other physical details |
illustrations ; |
| Dimensions |
20 cm. |
| 336 ## - CONTENT TYPE |
| Content type term |
text |
| Content type code |
txt |
| Source |
rdacontent |
| 337 ## - MEDIA TYPE |
| Media type term |
unmediated |
| Media type code |
n |
| Source |
rdamedia |
| 338 ## - CARRIER TYPE |
| Carrier type term |
volume |
| Carrier type code |
nc |
| Source |
rdacarrier |
| 490 1# - SERIES STATEMENT |
| Series statement |
Precious Ramotswe series |
| 500 ## - GENERAL NOTE |
| General note |
"A new case for Precious Ramotswe"--Cover. |
| 500 ## - GENERAL NOTE |
| General note |
First published in 2015 by Birlinn Ltd |
| 520 ## - SUMMARY, ETC. |
| Summary, etc. |
"A new pupil, Nancy, arrives at Precious Ramotswe's school, and the two girls soon become firm friends. When Precious finds out that all Nancy has to remind her of her missing parents is a photograph and a necklace of beautifully carved zebras, she offers to help find them. This is the start of an exciting adventure that leads the two girls deep into the remotest parts of Botswana, where they meet an old lady who recognises the necklace and has some extraordinary news for Nancy."--Publisher description. |
| 521 ## - TARGET AUDIENCE NOTE |
| Target audience note |
For primary school age. |
| 600 10 - SUBJECT ADDED ENTRY--PERSONAL NAME |
| Personal name |
Ramotswe, Precious |
| Titles and other words associated with a name |
(Fictitious character) |
| Form subdivision |
Juvenile fiction. |
| 651 #0 - SUBJECT ADDED ENTRY--GEOGRAPHIC NAME |
| Geographic name |
Botswana |
| Form subdivision |
Juvenile fiction. |
| 655 #0 - INDEX TERM--GENRE/FORM |
| Genre/form data or focus term |
Children's stories. |
| 700 1# - ADDED ENTRY--PERSONAL NAME |
| Personal name |
McIntosh, Iain, |
| Relator term |
illustrator. |
| 800 1# - SERIES ADDED ENTRY--PERSONAL NAME |
| Personal name |
McCall Smith, Alexander, |
| Dates associated with a name |
1948- |
| Title of a work |
Precious Ramotswe ; |
| Volume/sequential designation |
4. |
| 942 ## - ADDED ENTRY ELEMENTS (KOHA) |
| Source of classification or shelving scheme |
|
| Koha item type |
Books - Fiction |